000 00468nam a2200193Ia 4500
005 20240823050510.0
008 240823s9999||||xx |||||||||||||| ||und||
020 _a978-81-7371-048-1
041 _aENGLISH
082 _A621.4021 Q1
100 _aRao Y V C
245 0 _aEngineering Thermodynamics
250 _a1st
260 _c2011
_b"Universities Press,Hydrabad"
500 _aYES
650 _aThermodynamics
_bMechanical
942 _cBK
999 _c217393
_d217393